Visualizzazione normale
Vista MARC
- Schmidt, Paul Wilhelm,
di Personal Name
Records bibliografici associati: 1
001 - CONTROL NUMBER
- control field: 56116
003 - CONTROL NUMBER IDENTIFIER
- control field: IT-RoINE
005 - DATE AND TIME OF LATEST TRANSACTION
- control field: 20190116092816.0
008 - FIXED-LENGTH DATA ELEMENTS
- fixed length control field: 190116|| aca||aabn | a|a d
040 ## - CATALOGING SOURCE
- Original cataloging agency: IT-RoINE
- Transcribing agency: IT-RoINE
100 ## - HEADING--PERSONAL NAME
- Personal name: Schmidt, Paul Wilhelm,
- Dates associated with a name: 1845-1921
670 ## - SOURCE DATA FOUND
- Source citation: Work cat.: (IT-RoINE)0: Schmidt, Paul Wilhelm, 1845-1921 , Manual de historia comparada de las religiones :, 1947.